00581 2200217 4500001002100000005001500021035002000036007000300056008003900059020001900098082000800117084001400125100001900139245003800158250001100196260003200207300004000239650003000279650003400309990002000343INLIS00000000000304920220825074645 a0010-0822000044ta220825 | | |  a978602220275-2 a813 a813 RIS i0 aRisa Saraswati1 aIvanna Van Dijk /cRisa Saraswati aCet. 1 aJakarta. :bBukune.,c2018. ax + 211 hlm. :bilus. ;c14 x 20 cm aPenyunting, Maria M LUbis aIlustrasi Sampul, Raden Monic a15428/P/BL/2022